| 000 | 01939nam a2200277 a 4500 | ||
|---|---|---|---|
| 003 | PILC | ||
| 005 | 20260310203200.0 | ||
| 008 | 070802s1958 xx 00 eng d | ||
| 010 | _aAcc#3496 | ||
| 040 | _cPhilippine Baptist Theological Seminary | ||
| 050 |
_aPN 18 _bE25 1958 |
||
| 100 | 1 | 0 | _aEbenstein, William |
| 245 | 1 | 0 |
_aToday's Isms / _cWilliam Ebenstein. |
| 250 | _a2nd edition | ||
| 260 | 0 |
_aEnglewood Cliffs, NJ : _bPrentice-Hall, Inc., _c©1958. |
|
| 300 |
_aix, 243 pages ; _c 21 cm. |
||
| 500 | _aIncludes index | ||
| 505 | _aPart 1: The totalitarian way of life -- 1. Totalitarian communism -- The economic interpretation of history -- Dynamics of social change -- Revolution the only way out -- Economic contradictions of capitalism -- The role of the salariat -- Lenin's contribution to the theory of communism -- Communist doctrine and policy today -- Social - economic changes under communism -- Sources of strength in communism -- Sources of weakness in communism -- Revolts against soviet communism -- The issue of communism -- Part 2: The democratic way of life -- 3. Democratic capatlism -- Two conceptions of democracy -- Democracy as a way of life -- Conditions of political democracy -- Psychological roots of democracy -- Individual freedom and national security -- Classical capatalism -- Stresses and strains in modern capatalism -- Sources od strength of capatalist democracy -- Why socialism has not spread in the united states -- The welfare state -- 4. Democratic socialism -- Historical background -- Robert owen: Capatlist- socialist -- Socialism and democracy -- Socialism versus communism -- Elements of socialist thought and policy -- Problems of nationalization -- The impasse of socialism today | ||
| 650 | _aCOMMUNISM | ||
| 650 | _aFASCISM | ||
| 650 | 4 | _aSOCIALISM | |
| 650 | 4 | _aCAPITALISM | |
| 650 | 4 | _aCOMPARATIVE GOVERNMENTS | |
| 650 | 4 | _aCOMPARATIVE ECONOMICS | |
| 942 |
_cCB _2lcc |
||
| 999 |
_c1477 _d1477 |
||